Gaming Quiz

Random Gaming or Board Games Quiz
Score 0/16 Timer 01:30
0 Plays Today
Question Answer Wrong Answers
Submarine Battleship
92.2%
Risk
1.6%
Backgammon
0.3%
Operation
0.4%
Tweezers Operation
92%
Risk
0.9%
Battleship
0.5%
Backgammon
0.8%
Hit/Miss Battleship
90%
Risk
2%
Backgammon
1%
Operation
1.3%
Political Map Risk
89.9%
Battleship
2.9%
Backgammon
0.8%
Operation
0.7%
Checkers Backgammon
89.2%
Risk
2.3%
Battleship
1.8%
Operation
1%
Cavity Sam Operation
88.4%
Risk
3.1%
Battleship
1.2%
Backgammon
1.3%
12 Long Triangles Backgammon
85%
Risk
5.3%
Battleship
2.4%
Operation
1.2%
Golden Cavalry Risk
83.6%
Battleship
5.3%
Backgammon
2.7%
Operation
2.3%
Reinforcements Risk
83.4%
Battleship
8.5%
Backgammon
1.2%
Operation
0.9%
Water on the Knee Operation
83.2%
Risk
2.9%
Battleship
6.2%
Backgammon
1.8%
Ruled Grid Battleship
79.8%
Risk
6.2%
Backgammon
7.2%
Operation
0.9%
Battery Operation
74.9%
Risk
9.3%
Battleship
8.3%
Backgammon
1.7%
Yakutsk Risk
71%
Battleship
3.4%
Backgammon
17.5%
Operation
1.7%
Doubling Cube Backgammon
69.6%
Risk
19.9%
Battleship
1.8%
Operation
2.4%
Tables Backgammon
49.7%
Risk
11.7%
Battleship
9.5%
Operation
22.4%
Pencil and Paper Game Battleship
38.2%
Risk
21.6%
Backgammon
31.2%
Operation
3.1%
Remove Ads.
Support Sporcle.
Get the best of Sporcle when you Go Orange. This ad-free experience offers more features, more stats, and more fun while also helping to support Sporcle. Thank you for becoming a member.

You're not logged in!

Compare scores with friends on all Sporcle quizzes.
OR
Log In

Show Comments

Extras

Top Quizzes Today


Score Distribution

Your Account Isn't Verified!

In order to create a playlist on Sporcle, you need to verify the email address you used during registration. Go to your Sporcle Settings to finish the process.

Report this User

Report this user for behavior that violates our Community Guidelines.

Details: